| 000 | 00303 a2200097 4500 | ||
|---|---|---|---|
| 082 | _a627.123 BUR | ||
| 100 | _aBurt,Neville | ||
| 245 |
_aGuidelines for the Assessment and Planning of Esuarine Barrages / _cedited by Neville Burt |
||
| 260 |
_aLondon : _cThomas Telford, _b2001 |
||
| 300 |
_a483p. : _bill . ; _c25cm |
||
| 650 | _ahydraulics | ||
| 999 |
_c1580 _d1580 |
||